Central Library OPAC University of Rajshahi

The autobiography of Bertrand Russell,1872-1914 / (Record no. 24114)

MARC details
000 -LEADER
fixed length control field 00838nam a2200289 a 4500
001 - CONTROL NUMBER
control field 24114
003 - CONTROL NUMBER IDENTIFIER
rucl marc code BD-RjUL
005 - DATE AND TIME OF LATEST TRANSACTION
control field 20211209001018.0
008 - FIXED-LENGTH DATA ELEMENTS--GENERAL INFORMATION
fixed length control field 140312m19691967enkcfh 001 0aeng
035 ## - SYSTEM CONTROL NUMBER
System control number (BD-RjUL)24180
System control number 2077049
040 ## - CATALOGING SOURCE
Original cataloging agency LC
Language of cataloging eng
Transcribing agency LC
Modifying agency LC
041 ## - LANGUAGE CODE
Language code of text/sound track or separate title eng
082 00 - DEWEY DECIMAL CLASSIFICATION NUMBER
Classification number B
Classification number 192
Author mark and year RUA 1969
100 1# - MAIN ENTRY--PERSONAL NAME
Personal name Russell, Bertrand,
Dates associated with a name 1872-1970.
9 (RLIN) 74287
245 14 - TITLE STATEMENT
Title The autobiography of Bertrand Russell,1872-1914 /
Statement of responsibility, etc. Bertrand Russell
260 ## - PUBLICATION, DISTRIBUTION, ETC. (IMPRINT)
Place of publication, distribution, etc. London :
Name of publisher, distributor, etc. Allen & Unwin,
Date of publication, distribution, etc. 1969.
300 ## - PHYSICAL DESCRIPTION
Pagination 308 P. ;
Size 14 cm.
504 ## - BIBLIOGRAPHY, ETC. NOTE
Bibliography, etc Includes index
505 0# - FORMATTED CONTENTS NOTE
Formatted contents note [1] 1872-1914.--v. 2. 1914-1944.--v. 3. 1944-1967.
600 10 - SUBJECT ADDED ENTRY--PERSONAL NAME
Personal name Russell, Bertrand,
Dates associated with a name 1872-1970.
650 ## - SUBJECT ADDED ENTRY--TOPICAL TERM
Topical term or geographic name as entry element Philosophers
General subdivision Biography.
Geographic subdivision England
9 (RLIN) 114698
942 ## - ADDED ENTRY ELEMENTS (KOHA)
Source of classification or shelving scheme Dewey Decimal Classification
Koha item type Books
Holdings
Lost status Source of classification or shelving scheme Damaged status Not for loan Collection code Permanent Location Current Location Shelving location Date acquired Source of acquisition Cost, normal purchase price Total Checkouts Full call number Date last seen Copy number Koha item type
  Dewey Decimal Classification   Not For Loan Non-fiction Central Library, University of Rajshahi Central Library, University of Rajshahi Reading Room 25/10/1990 Shawkat Osman 0.00   192 RUA 1969 12/03/2014 C-1 Books